Рудные месторождения Азии: учебное пособие для вузов

Xehetasun bibliografikoak
Egile nagusia: Григорьев В. М. Валентин Михайлович
Beste egile batzuk: Дружинин А. В. Александр Васильевич, Трофимов Н. Н. Николай Николаевич
Hizkuntza:errusiera
Argitaratua: Москва, Университет дружбы народов, 1989
Gaiak:
Formatua: MixedMaterials Liburua
KOHA link:https://koha.lib.tpu.ru/cgi-bin/koha/opac-detail.pl?biblionumber=160528

MARC

LEADER 00000nam0a2200000 4500
001 160528
005 20231031155606.0
010 |a 5209001288 
035 |a (RuTPU)RU\TPU\book\174075 
090 |a 160528 
100 |a 20090525d1989 m y0rusy50 ca 
101 0 |a rus 
102 |a RU 
105 |a a j 001zy 
200 1 |a  Рудные месторождения Азии  |e учебное пособие для вузов  |f  В. М. Григорьев, А. В. Дружинин, Н. Н. Трофимов 
210 |a Москва  |c Университет дружбы народов  |d  1989 
215 |a 167 с.  |c ил. 
320 |a Библиогр.: с. 165-166. 
610 1 |a геология 
610 1 |a полезные ископаемые 
610 1 |a рудные месторождения 
610 1 |a Азия 
610 1 |a рудообразование 
610 1 |a рудообразующие минералы 
610 1 |a рудообразующие процессы 
610 1 |a железные руды 
610 1 |a марганцевые месторождения 
610 1 |a хром 
610 1 |a титан 
610 1 |a ванадий 
610 1 |a никель 
610 1 |a кобальт 
610 1 |a алюминиевые породы 
610 1 |a вольфрам 
610 1 |a молибден 
610 1 |a медь 
610 1 |a свинец 
610 1 |a цинк 
610 1 |a олово 
610 1 |a оловоорганические соединения 
610 1 |a ртутные месторождения 
610 1 |a сурьма 
610 1 |a сурьмяно-ртутные месторождения 
610 1 |a мышьяк 
610 1 |a золото 
610 1 |a золото-редкометальные месторождения 
610 1 |a золото-серебряное оруденение 
610 1 |a урановые месторождения 
610 1 |a торий 
610 1 |a тантал 
610 1 |a ниобий 
610 1 |a литий 
610 1 |a бериллий 
610 1 |a учебные пособия 
675 |a 553.3/.4(5)(075.8)  |v 3 
700 1 |a Григорьев  |b В. М.  |g Валентин Михайлович 
701 1 |a Дружинин  |b А. В.  |g Александр Васильевич 
701 1 |a Трофимов  |b Н. Н.  |g Николай Николаевич 
801 1 |a RU  |b 63413507  |c 20090525  |g PSBO 
801 2 |a RU  |b 63413507  |c 20100224  |g RCR 
942 |c BK